[Event "12. Abierto Villa de Coria del Rio"]
[Site "Coria del Rio ESP"]
[Date "2006.02.09"]
[Round "2.1"]
[White "Valencia Gomez, Jairo Fdo"]
[Black "Korneev, Oleg"]
[Result "0-1"]
[WhiteElo "2030"]
[BlackElo "2649"]
[PlyCount "58"]
[EventDate "2006.02.08"]
[EventType "swiss"]
[EventRounds "9"]
[EventCountry "ESP"]
[Source "lmi"]
[SourceDate "2006.02.16"]

1. e4 c5 2. Nf3 e6 3. d4 cxd4 4. Nxd4 a6 5. Bd3 Bc5 6. Nb3 Ba7 7. Qe2 Nc6 8. c3
Nge7 9. Be3 Bxe3 10. Qxe3 O-O 11. N1d2 e5 12. O-O d5 13. f4 Kh8 14. fxe5 Nxe5
15. Be2 Qc7 16. exd5 Nxd5 17. Qc5 Qxc5+ 18. Nxc5 b6 19. Nce4 Ne3 20. Rf4 Bb7
21. g3 Rad8 22. Kf2 Nd5 23. Rh4 Ng6 24. Rh5 f5 25. Ng5 Nf6 26. Nc4 Nxh5 27.
Bxh5 b5 28. Na5 Bd5 29. Rd1 Ne5 0-1

[Event "12. Abierto Villa de Coria del Rio"]
[Site "Coria del Rio ESP"]
[Date "2006.02.09"]
[Round "2.2"]
[White "Malakhatko, Vadim"]
[Black "Lobato Soriano, Miguel Angel"]
[Result "1-0"]
[WhiteElo "2556"]
[BlackElo "2034"]
[PlyCount "73"]
[EventDate "2006.02.08"]
[EventType "swiss"]
[EventRounds "9"]
[EventCountry "ESP"]
[Source "lmi"]
[SourceDate "2006.02.16"]

1. d4 d5 2. c4 e6 3. Nf3 Nf6 4. Nc3 c6 5. e3 Nbd7 6. Bd3 dxc4 7. Bxc4 b5 8. Bd3
Bb7 9. O-O a6 10. e4 c5 11. d5 exd5 12. exd5 Be7 13. Bxb5 axb5 14. d6 Bxf3 15.
dxe7 Bxd1 16. exd8=Q+ Kxd8 17. Rxd1 Ra5 18. Be3 Kc8 19. Bxc5 Nxc5 20. b4 Ra6
21. bxc5 Rd8 22. Rxd8+ Kxd8 23. Nxb5 Ne4 24. Rd1+ Kc8 25. f3 Nf6 26. Rd2 Ra5
27. Nd6+ Kc7 28. Rc2 Nd7 29. Nxf7 Nxc5 30. Ng5 Kd7 31. Nxh7 Ne6 32. h4 Rh5 33.
Ng5 Nxg5 34. hxg5 Rxg5 35. Re2 Ra5 36. Re4 Rxa2 37. Rg4 1-0

[Event "12. Abierto Villa de Coria del Rio"]
[Site "Coria del Rio ESP"]
[Date "2006.02.09"]
[Round "2.3"]
[White "Romero Romero, Sebastian"]
[Black "Epishin, Vladimir"]
[Result "0-1"]
[WhiteElo "2002"]
[BlackElo "2553"]
[PlyCount "52"]
[EventDate "2006.02.08"]
[EventType "swiss"]
[EventRounds "9"]
[EventCountry "ESP"]
[Source "lmi"]
[SourceDate "2006.02.16"]

1. e4 c5 2. Nf3 Nc6 3. Bb5 d6 4. Bxc6+ bxc6 5. d3 e5 6. O-O Ne7 7. h3 Ng6 8.
Re1 Be7 9. c3 f5 10. Nbd2 fxe4 11. Nxe4 O-O 12. d4 cxd4 13. cxd4 d5 14. Ng3 e4
15. Nh2 Qd6 16. Be3 Nf4 17. Bxf4 Rxf4 18. Ng4 Bxg4 19. hxg4 Bh4 20. Qe2 Qe6 21.
Rf1 Rxg4 22. Nh1 Re8 23. Rac1 h5 24. Rc3 Qg6 25. f3 exf3 26. Qxf3 Bf6 0-1

[Event "12. Abierto Villa de Coria del Rio"]
[Site "Coria del Rio ESP"]
[Date "2006.02.09"]
[Round "2.4"]
[White "Campora, Daniel H"]
[Black "Torres Ventosa, Pedro Eugenio"]
[Result "0-1"]
[WhiteElo "2541"]
[BlackElo "2023"]
[PlyCount "80"]
[EventDate "2006.02.08"]
[EventType "swiss"]
[EventRounds "9"]
[EventCountry "ESP"]
[Source "lmi"]
[SourceDate "2006.02.16"]

1. e4 c5 2. f4 d6 3. Nf3 Nc6 4. Bb5 g6 5. O-O Bg7 6. d3 Qb6 7. c4 Bd7 8. Nc3 e6
9. Be3 Nge7 10. Rb1 O-O 11. Qe1 Qc7 12. a3 a6 13. Bxc6 Bxc6 14. Qh4 b5 15. cxb5
axb5 16. Rbc1 Qd7 17. Rc2 Rfb8 18. Qf2 b4 19. axb4 cxb4 20. Ne2 Bb5 21. Rd2 Nc6
22. Ned4 Ra2 23. f5 exf5 24. exf5 Ne7 25. Qh4 Nd5 26. Bh6 Bf6 27. Bg5 Bg7 28.
f6 Bh8 29. Nxb5 Qxb5 30. Nd4 Qb6 31. Qe4 Nc7 32. Be3 Re8 33. Nf5 gxf5 34. Qxe8+
Nxe8 35. Bxb6 Bxf6 36. Re2 Ng7 37. Rc1 Ne6 38. Rc4 Bxb2 39. Rxb4 Bd4+ 40. Kf1
Ra1+ 0-1

[Event "12. Abierto Villa de Coria del Rio"]
[Site "Coria del Rio ESP"]
[Date "2006.02.09"]
[Round "2.6"]
[White "Lalic, Bogdan"]
[Black "Fernandez Lumbreras, Miguel A"]
[Result "1-0"]
[WhiteElo "2488"]
[BlackElo "1959"]
[PlyCount "43"]
[EventDate "2006.02.08"]
[EventType "swiss"]
[EventRounds "9"]
[EventCountry "ESP"]
[Source "lmi"]
[SourceDate "2006.02.16"]

1. c4 e6 2. Nc3 d5 3. d4 c6 4. e3 f5 5. Bd3 Nf6 6. Nge2 Bd6 7. Qc2 O-O 8. f3 g6
9. Bd2 b6 10. O-O Qc7 11. h3 Nh5 12. e4 Bh2+ 13. Kh1 dxe4 14. fxe4 f4 15. Kxh2
f3+ 16. e5 fxe2 17. Rxf8+ Kxf8 18. Bxe2 Nd7 19. Bxh5 Nxe5 20. dxe5 Qxe5+ 21.
Kh1 Qxh5 22. Qe4 1-0

[Event "12. Abierto Villa de Coria del Rio"]
[Site "Coria del Rio ESP"]
[Date "2006.02.09"]
[Round "2.8"]
[White "Escobar, Alder"]
[Black "Barragan Fuentes, Luis"]
[Result "1-0"]
[WhiteElo "2425"]
[BlackElo "1883"]
[PlyCount "41"]
[EventDate "2006.02.08"]
[EventType "swiss"]
[EventRounds "9"]
[EventCountry "ESP"]
[Source "lmi"]
[SourceDate "2006.02.16"]

1. e4 e5 2. Nf3 Nc6 3. Bb5 a6 4. Ba4 Nf6 5. Qe2 d6 6. c3 Be7 7. h3 O-O 8. d3 b5
9. Bc2 Ne8 10. Nbd2 f5 11. Nf1 f4 12. d4 Bf6 13. Bb3+ Kh8 14. Bd5 Bb7 15. N1h2
Na5 16. Bxb7 Nxb7 17. Ng4 Qe7 18. g3 fxg3 19. fxg3 Nd8 20. O-O Nf7 21. d5 1-0

[Event "12. Abierto Villa de Coria del Rio"]
[Site "Coria del Rio ESP"]
[Date "2006.02.10"]
[Round "3.1"]
[White "Korneev, Oleg"]
[Black "Perez Garcia, Roberto"]
[Result "1/2-1/2"]
[WhiteElo "2649"]
[BlackElo "2180"]
[PlyCount "61"]
[EventDate "2006.02.08"]
[EventType "swiss"]
[EventRounds "9"]
[EventCountry "ESP"]
[Source "lmi"]
[SourceDate "2006.02.16"]

1. d4 Nf6 2. c4 g6 3. Nc3 d5 4. cxd5 Nxd5 5. Bd2 Bg7 6. e4 Nb6 7. Be3 O-O 8. h3
Nc6 9. Nf3 f5 10. exf5 Bxf5 11. Qb3+ Kh8 12. Rd1 a5 13. Ne5 Qe8 14. Bb5 Bxe5
15. dxe5 Qf7 16. Qxf7 Rxf7 17. Ke2 Be6 18. b3 Nb4 19. Ne4 N6d5 20. Bc4 b5 21.
Bxd5 Bxd5 22. Ng5 Rf5 23. a3 Na2 24. Ra1 Bxb3 25. e6 c5 26. f4 Rd5 27. Ne4 Rc8
28. Kf2 b4 29. Rhe1 Nc3 30. Nxc5 Rcxc5 31. axb4 1/2-1/2

[Event "12. Abierto Villa de Coria del Rio"]
[Site "Coria del Rio ESP"]
[Date "2006.02.10"]
[Round "3.2"]
[White "Nieto Gonzalez, Ismael"]
[Black "Malakhatko, Vadim"]
[Result "0-1"]
[WhiteElo "2154"]
[BlackElo "2556"]
[PlyCount "112"]
[EventDate "2006.02.08"]
[EventType "swiss"]
[EventRounds "9"]
[EventCountry "ESP"]
[Source "lmi"]
[SourceDate "2006.02.16"]

1. c4 c5 2. Nf3 g6 3. d4 Bg7 4. d5 d6 5. e4 a6 6. Be2 e6 7. a4 Ne7 8. O-O O-O
9. Nc3 h6 10. dxe6 fxe6 11. Be3 Nbc6 12. Qd2 Kh7 13. Rad1 Qb6 14. h4 Rd8 15. h5
g5 16. e5 dxe5 17. Bd3+ Kh8 18. Bxg5 hxg5 19. Qxg5 Rf8 20. Nh4 Qc7 21. Ne4 Nf5
22. Ng6+ Kg8 23. Nxf8 Kxf8 24. g4 Qe7 25. Qg6 Nh4 26. Qh7 Nd4 27. f4 Ndf3+ 28.
Kf2 exf4 29. Ke2 Nd4+ 30. Kd2 Nhf3+ 31. Kc1 Be5 32. Qxe7+ Kxe7 33. Nxc5 Ng5 34.
Rde1 Ndf3 35. Re2 Bd4 36. Ne4 Be3+ 37. Kb1 e5 38. Nc3 Nd2+ 39. Rxd2 Bxd2 40.
Nd5+ Kf7 41. Bg6+ Kg7 42. Nb6 Rb8 43. Rd1 Be3 44. Nxc8 Rxc8 45. Rd7+ Kf6 46. b3
f3 47. Bf5 f2 48. Rd6+ Ke7 49. Rd7+ Ke8 50. Rd1 Rd8 51. Rh1 Nf3 52. Kc2 Nd4+
53. Kb2 Nxf5 54. gxf5 Kf7 55. Kc3 e4 56. b4 Bg5 0-1

[Event "12. Abierto Villa de Coria del Rio"]
[Site "Coria del Rio ESP"]
[Date "2006.02.10"]
[Round "3.3"]
[White "Epishin, Vladimir"]
[Black "Carrabeo Garcia, Manuel"]
[Result "1-0"]
[WhiteElo "2553"]
[BlackElo "2135"]
[PlyCount "39"]
[EventDate "2006.02.08"]
[EventType "swiss"]
[EventRounds "9"]
[EventCountry "ESP"]
[Source "lmi"]
[SourceDate "2006.02.16"]

1. d4 Nf6 2. c4 e6 3. Nf3 d5 4. Nc3 Be7 5. Bf4 O-O 6. e3 c5 7. dxc5 Bxc5 8. Qc2
Nc6 9. Rd1 Bb4 10. Be2 Qe7 11. O-O Bxc3 12. Qxc3 Ne4 13. Qc1 dxc4 14. Qxc4 f5
15. Ne5 Nxe5 16. Bxe5 b6 17. f3 Qc5 18. Qxc5 Nxc5 19. Rd6 Rf7 20. Rfd1 1-0

[Event "12. Abierto Villa de Coria del Rio"]
[Site "Coria del Rio ESP"]
[Date "2006.02.10"]
[Round "3.4"]
[White "Pereira Figueroa, Manuel"]
[Black "Matamoros Franco, Carlos S"]
[Result "0-1"]
[WhiteElo "2113"]
[BlackElo "2510"]
[PlyCount "64"]
[EventDate "2006.02.08"]
[EventType "swiss"]
[EventRounds "9"]
[EventCountry "ESP"]
[Source "lmi"]
[SourceDate "2006.02.16"]

1. d4 Nf6 2. c4 g6 3. Nc3 Bg7 4. e4 d6 5. Be2 O-O 6. Nf3 e5 7. d5 a5 8. Bg5 Na6
9. Nd2 Bd7 10. b3 Qe8 11. O-O h6 12. Bh4 Nh7 13. a3 f5 14. exf5 gxf5 15. Bh5
Qc8 16. Be7 Re8 17. Bxe8 Qxe8 18. Bh4 e4 19. Qc2 Qh5 20. Bg3 Rf8 21. f4 Re8 22.
Rab1 Nc5 23. b4 axb4 24. axb4 Nd3 25. Nf3 Nf6 26. Ne1 Ng4 27. Nd1 Nxe1 28. Rxe1
Ra8 29. Qd2 Ra3 30. Re3 Nxe3 31. Nxe3 Rd3 32. Qe1 Bc3 0-1

[Event "12. Abierto Villa de Coria del Rio"]
[Site "Coria del Rio ESP"]
[Date "2006.02.10"]
[Round "3.5"]
[White "Morales Araujo, Francisco J"]
[Black "Lalic, Bogdan"]
[Result "0-1"]
[WhiteElo "2102"]
[BlackElo "2488"]
[PlyCount "64"]
[EventDate "2006.02.08"]
[EventType "swiss"]
[EventRounds "9"]
[EventCountry "ESP"]
[Source "lmi"]
[SourceDate "2006.02.16"]

1. f4 d5 2. Nf3 g6 3. c3 Bg7 4. g3 c6 5. Bg2 Qb6 6. Qb3 Nd7 7. d4 Ndf6 8. Nbd2
Nh6 9. Ne5 Nf5 10. Nf1 O-O 11. Ne3 Nd6 12. O-O Nfe4 13. Qxb6 axb6 14. c4 dxc4
15. N3xc4 Nxc4 16. Nxc4 Be6 17. Ne3 Nf6 18. a3 Rfd8 19. Bd2 Rxd4 20. Bc3 Rdd8
21. Rad1 Bb3 22. Rxd8+ Rxd8 23. Re1 Nd7 24. Nf1 Bxc3 25. bxc3 Nc5 26. e4 b5 27.
Re2 Ra8 28. Nd2 Rxa3 29. Nxb3 Rxb3 30. Rc2 Na4 31. c4 b4 32. Kf1 Rb1+ 0-1

[Event "12. Abierto Villa de Coria del Rio"]
[Site "Coria del Rio ESP"]
[Date "2006.02.10"]
[Round "3.6"]
[White "Komljenovic, Davor"]
[Black "Del Campo Gomez, Jose L"]
[Result "1-0"]
[WhiteElo "2458"]
[BlackElo "2103"]
[PlyCount "77"]
[EventDate "2006.02.08"]
[EventType "swiss"]
[EventRounds "9"]
[EventCountry "ESP"]
[Source "lmi"]
[SourceDate "2006.02.16"]

1. c4 e5 2. g3 Nf6 3. Bg2 d5 4. cxd5 Nxd5 5. Nf3 Nc6 6. O-O Be7 7. d4 exd4 8.
Nxd4 Nxd4 9. Qxd4 Nf6 10. Qa4+ c6 11. Rd1 Qb6 12. Be3 Bc5 13. Bxc5 Qxc5 14. b4
Qb6 15. Nd2 Be6 16. Qc2 O-O 17. a3 Rfd8 18. Nc4 Qc7 19. Na5 h6 20. h3 Rac8 21.
e4 Rxd1+ 22. Rxd1 b6 23. Nc4 c5 24. Nd6 cxb4 25. Qd3 Rd8 26. axb4 Ne8 27. e5
Nxd6 28. exd6 Qc4 29. Qd2 Rd7 30. Kh2 Rd8 31. f4 Rc8 32. Qe1 h5 33. d7 Rd8 34.
f5 Bxd7 35. Rxd7 Rxd7 36. Qe8+ Kh7 37. Qxd7 h4 38. Qe7 hxg3+ 39. Kxg3 1-0

[Event "12. Abierto Villa de Coria del Rio"]
[Site "Coria del Rio ESP"]
[Date "2006.02.10"]
[Round "3.7"]
[White "Peña Dieguez, Manuel"]
[Black "Escobar, Alder"]
[Result "0-1"]
[WhiteElo "2041"]
[BlackElo "2425"]
[PlyCount "152"]
[EventDate "2006.02.08"]
[EventType "swiss"]
[EventRounds "9"]
[EventCountry "ESP"]
[Source "lmi"]
[SourceDate "2006.02.16"]

1. e4 d5 2. exd5 Qxd5 3. Nc3 Qa5 4. d4 Nf6 5. Nf3 Bg4 6. Be2 e6 7. Bd2 c6 8.
Ne4 Qc7 9. Nxf6+ gxf6 10. c4 Nd7 11. b4 O-O-O 12. Qa4 Bxf3 13. gxf3 Nb6 14.
Qxa7 Rxd4 15. Be3 Bxb4+ 16. Kf1 Bc5 17. Bxd4 Bxd4 18. Rd1 Qf4 19. Rg1 Qh4 20.
Rg2 Kc7 21. Qa5 Ra8 22. Qd2 c5 23. Kg1 Na4 24. Rc1 f5 25. Rc2 Nb6 26. Bf1 h6
27. Rg3 Be5 28. Rh3 Rg8+ 29. Kh1 Qg5 30. Qxg5 hxg5 31. Rh7 Rf8 32. Kg2 Nd7 33.
Rh5 Rg8 34. Rh7 Bg7 35. Be2 Nf8 36. Rh3 Ng6 37. Kf1 Be5 38. Rh7 Rf8 39. a4 Kb6
40. Rc1 Bd4 41. Rb1+ Kc7 42. Rb5 Ne5 43. h4 gxh4 44. Rxh4 Nc6 45. Rb3 Ra8 46.
Rh7 Nd8 47. Ra3 Bb2 48. Ra2 Be5 49. f4 Bxf4 50. Bh5 Kd6 51. Bxf7 Nc6 52. Bh5
Nb4 53. Ra1 Nc2 54. Ra2 Nb4 55. Ra3 Nc2 56. Rd3+ Nd4 57. Bd1 b6 58. Rdh3 Be5
59. Rb7 Kc6 60. Rhh7 Bd6 61. Ke1 Rg8 62. a5 Rg1+ 63. Kd2 Bf4+ 64. Kc3 bxa5 65.
Ba4+ Kd6 66. Ra7 Rc1+ 67. Kd3 Ra1 68. Kc3 Ra3+ 69. Kb2 Rxa4 70. Rh4 Bg5 71.
Rhh7 Rb4+ 72. Ka2 a4 73. Rhg7 Bc1 74. Rgd7+ Ke5 75. Rdc7 Rb2+ 76. Ka3 Rxf2+ 0-1

[Event "12. Abierto Villa de Coria del Rio"]
[Site "Coria del Rio ESP"]
[Date "2006.02.10"]
[Round "3.8"]
[White "Vela Ignacio, Jose M"]
[Black "Rojas, Luis"]
[Result "0-1"]
[WhiteElo "2034"]
[BlackElo "2423"]
[PlyCount "36"]
[EventDate "2006.02.08"]
[EventType "swiss"]
[EventRounds "9"]
[EventCountry "ESP"]
[Source "lmi"]
[SourceDate "2006.02.16"]

1. e4 e6 2. d4 d5 3. Nd2 c5 4. Ngf3 cxd4 5. exd5 Qxd5 6. Bc4 Qd6 7. O-O Nf6 8.
Nb3 Qc7 9. Qxd4 Nc6 10. Qh4 Be7 11. Bg5 h6 12. Rfe1 Bd7 13. Rad1 O-O-O 14. Bf4
Qb6 15. Be3 Qb4 16. c3 Qa4 17. Bxe6 Qxh4 18. Bxd7+ Nxd7 0-1

[Event "12. Abierto Villa de Coria del Rio"]
[Site "Coria del Rio ESP"]
[Date "2006.02.10"]
[Round "3.9"]
[White "Zozulia, Anna"]
[Black "Morillo-Velarde, Antonio"]
[Result "1-0"]
[WhiteElo "2366"]
[BlackElo "2059"]
[PlyCount "107"]
[EventDate "2006.02.08"]
[EventType "swiss"]
[EventRounds "9"]
[EventCountry "ESP"]
[Source "lmi"]
[SourceDate "2006.02.16"]

1. e4 e6 2. d4 d5 3. Nd2 c5 4. exd5 exd5 5. Ngf3 Nf6 6. Bb5+ Bd7 7. Qe2+ Be7 8.
dxc5 O-O 9. O-O Bxc5 10. Bxd7 Nbxd7 11. Nb3 Re8 12. Qd3 Bb6 13. Bg5 Qc7 14. c3
Rad8 15. Rae1 a6 16. Bh4 Re4 17. Bg3 Qc8 18. Ng5 Rxe1 19. Rxe1 Re8 20. Re2 h6
21. Nf3 Rxe2 22. Qxe2 Ne4 23. Nfd4 Nxg3 24. hxg3 Nf6 25. Qe5 Qe8 26. Qxe8+ Nxe8
27. Nf5 Nf6 28. Kf1 Kf8 29. Ke2 Ng4 30. f3 Ne5 31. Nd6 Nc4 32. Nxb7 Nxb2 33.
N7c5 Bxc5 34. Nxc5 a5 35. Ke3 Ke7 36. Kd4 Nd1 37. Nb7 a4 38. Nc5 a3 39. Nd3 Nb2
40. Nb4 Na4 41. Nxd5+ Kd6 42. Ne3 Nc5 43. Nc4+ Kc6 44. Nxa3 Ne6+ 45. Kc4 Nc5
46. Nc2 g6 47. Nb4+ Kb6 48. Nd3 Nd7 49. Kd5 Kb5 50. c4+ Kb6 51. Kd6 Nf6 52. Ke7
Nh5 53. Kxf7 Nxg3 54. Kxg6 1-0

[Event "12. Abierto Villa de Coria del Rio"]
[Site "Coria del Rio ESP"]
[Date "2006.02.10"]
[Round "3.10"]
[White "Torres Ventosa, Pedro Eugenio"]
[Black "Razmyslov, Alexander"]
[Result "1/2-1/2"]
[WhiteElo "2023"]
[BlackElo "2329"]
[PlyCount "94"]
[EventDate "2006.02.08"]
[EventType "swiss"]
[EventRounds "9"]
[EventCountry "ESP"]
[Source "lmi"]
[SourceDate "2006.02.16"]

1. e4 e6 2. d4 d5 3. Nd2 Nc6 4. Ngf3 Nf6 5. e5 Nd7 6. Nb3 f6 7. exf6 Qxf6 8.
Bg5 Qf7 9. c3 Bd6 10. Bb5 O-O 11. Bh4 h6 12. Bg3 e5 13. O-O e4 14. Nfd2 Ne7 15.
Qe2 Nf5 16. Nxe4 Re8 17. Nxd6 Nxd6 18. Qd3 a6 19. Bxd6 cxd6 20. Bxd7 Bxd7 21.
Rfe1 Re6 22. Rxe6 Qxe6 23. Qe3 Qg6 24. Qg3 Qe6 25. Qe3 Qf5 26. Re1 Rf8 27. Qg3
Rf6 28. Nd2 Qc2 29. Re7 Rg6 30. Qe3 Bb5 31. h3 Qxb2 32. Rxb7 Qxa2 33. Nf3 Qe2
34. Qxe2 Bxe2 35. Nh4 Rf6 36. g4 Bd3 37. Rd7 Rf7 38. Rxd6 Ra7 39. Rxd5 a5 40.
Re5 a4 41. Re1 a3 42. Ra1 a2 43. Nf3 Bb1 44. Nd2 Rb7 45. Kg2 Rb2 46. Nc4 Rb3
47. Nd2 Rb2 1/2-1/2

[Event "12. Abierto Villa de Coria del Rio"]
[Site "Coria del Rio ESP"]
[Date "2006.02.11"]
[Round "4.1"]
[White "Malakhatko, Vadim"]
[Black "Komljenovic, Davor"]
[Result "1-0"]
[WhiteElo "2556"]
[BlackElo "2458"]
[PlyCount "39"]
[EventDate "2006.02.08"]
[EventType "swiss"]
[EventRounds "9"]
[EventCountry "ESP"]
[Source "lmi"]
[SourceDate "2006.02.16"]

1. d4 Nf6 2. c4 e6 3. Nf3 d5 4. Nc3 c6 5. e3 Nbd7 6. Bd3 dxc4 7. Bxc4 b5 8. Bd3
Bb7 9. O-O b4 10. Ne4 c5 11. Nxf6+ gxf6 12. Qe2 Rg8 13. Rd1 cxd4 14. exd4 Nb6
15. d5 Bxd5 16. Bb5+ Ke7 17. Nh4 Qc7 18. Be3 Qe5 19. f4 Qb8 20. Rac1 1-0

[Event "12. Abierto Villa de Coria del Rio"]
[Site "Coria del Rio ESP"]
[Date "2006.02.11"]
[Round "4.2"]
[White "Escobar, Alder"]
[Black "Epishin, Vladimir"]
[Result "0-1"]
[WhiteElo "2425"]
[BlackElo "2553"]
[PlyCount "75"]
[EventDate "2006.02.08"]
[EventType "swiss"]
[EventRounds "9"]
[EventCountry "ESP"]
[Source "lmi"]
[SourceDate "2006.02.16"]

1. e4 c5 2. Nf3 e6 3. d4 cxd4 4. Nxd4 a6 5. Nc3 b5 6. Bd3 Qb6 7. Nde2 Nc6 8.
O-O Nf6 9. Nf4 Bb7 10. Be3 Bc5 11. Re1 Ne5 12. h3 O-O 13. Nh5 Nxh5 14. Qxh5 f5
15. Bf1 Rac8 16. Rad1 Bxe3 17. Rxe3 g6 18. Qg5 Qc5 19. exf5 Rxf5 20. Qh4 Rcf8
21. b4 Qc6 22. Qg3 Nf7 23. Rd4 Rg5 24. Rg4 Rxg4 25. hxg4 d5 26. Ne2 e5 27. Rc3
Qd6 28. a3 Ng5 29. f3 Ne6 30. Rd3 Qb6+ 31. Qf2 d4 32. Rd1 Ng5 33. Ng3 h5 34.
Qd2 Rf4 35. Re1 Qf6 36. Qe2 e4 37. gxh5 e3 38. Qd3 0-1

[Event "12. Abierto Villa de Coria del Rio"]
[Site "Coria del Rio ESP"]
[Date "2006.02.11"]
[Round "4.3"]
[White "Matamoros Franco, Carlos S"]
[Black "Rojas, Luis"]
[Result "1-0"]
[WhiteElo "2510"]
[BlackElo "2423"]
[PlyCount "79"]
[EventDate "2006.02.08"]
[EventType "swiss"]
[EventRounds "9"]
[EventCountry "ESP"]
[Source "lmi"]
[SourceDate "2006.02.16"]

1. c4 e5 2. g3 Nf6 3. Bg2 Nc6 4. Nc3 Bb4 5. Nd5 Bc5 6. e3 O-O 7. Ne2 Nxd5 8.
cxd5 Ne7 9. O-O d6 10. d4 exd4 11. Nxd4 Nf5 12. Nb3 Bb6 13. a4 a5 14. Bd2 Bd7
15. Bc3 Qe8 16. Nd2 c6 17. e4 Nh6 18. Nc4 Bc7 19. dxc6 Bxc6 20. Nxd6 Qd7 21.
Qd4 f6 22. Qc4+ Nf7 23. Nb5 Be5 24. Rad1 Bxb5 25. axb5 Qe7 26. Bh3 Bxc3 27.
bxc3 Rfd8 28. Be6 Kf8 29. Bxf7 Qxf7 30. Qa4 Qc7 31. c4 Rxd1 32. Rxd1 b6 33.
Qa3+ Qe7 34. Qe3 Qc5 35. Qxc5+ bxc5 36. Rd6 Re8 37. f3 f5 38. exf5 Re2 39. Re6
Rc2 40. b6 1-0

[Event "12. Abierto Villa de Coria del Rio"]
[Site "Coria del Rio ESP"]
[Date "2006.02.11"]
[Round "4.4"]
[White "Lalic, Bogdan"]
[Black "Zozulia, Anna"]
[Result "1-0"]
[WhiteElo "2488"]
[BlackElo "2366"]
[PlyCount "89"]
[EventDate "2006.02.08"]
[EventType "swiss"]
[EventRounds "9"]
[EventCountry "ESP"]
[Source "lmi"]
[SourceDate "2006.02.16"]

1. d4 Nf6 2. c4 g6 3. Nc3 Bg7 4. e4 d6 5. Nf3 O-O 6. Be2 Na6 7. O-O e5 8. Be3
Ng4 9. Bg5 Qe8 10. dxe5 dxe5 11. h3 h6 12. Bd2 Nf6 13. Be3 Qe7 14. Nd5 Qd8 15.
Nxf6+ Qxf6 16. c5 Nb8 17. Qb3 a5 18. Rad1 Nc6 19. Rd2 Rb8 20. Rfd1 Be6 21. Qa4
Rfd8 22. Bb5 Rxd2 23. Rxd2 Nd4 24. Nxd4 exd4 25. Bxd4 Qh4 26. Be3 Be5 27. Bd7
Bf4 28. Bxe6 Bxe3 29. Bxf7+ Kg7 30. Rc2 Rd8 31. fxe3 Qe1+ 32. Kh2 Kxf7 33. Qb3+
Kf6 34. e5+ Kg7 35. Qxb7 Rf8 36. e6 Rf1 37. Qxc7+ Kf6 38. Qd8+ Kxe6 39. Qd6+
Kf7 40. Qd5+ Kg7 41. g3 Qxe3 42. Qg2 Rf7 43. c6 Qe5 44. Qe2 Qd6 45. Qd2 1-0

[Event "12. Abierto Villa de Coria del Rio"]
[Site "Coria del Rio ESP"]
[Date "2006.02.11"]
[Round "4.5"]
[White "Razmyslov, Alexander"]
[Black "Korneev, Oleg"]
[Result "0-1"]
[WhiteElo "2329"]
[BlackElo "2649"]
[PlyCount "48"]
[EventDate "2006.02.08"]
[EventType "swiss"]
[EventRounds "9"]
[EventCountry "ESP"]
[Source "lmi"]
[SourceDate "2006.02.16"]

1. e4 c5 2. Nf3 e6 3. d4 cxd4 4. Nxd4 Nc6 5. Nc3 a6 6. Nxc6 bxc6 7. Bd3 d5 8.
O-O Bb7 9. f4 Nf6 10. e5 Nd7 11. f5 exf5 12. Bxf5 Nxe5 13. Bf4 Bd6 14. Be6 O-O
15. Bxe5 Bxe5 16. Rxf7 Rxf7 17. Bxf7+ Kxf7 18. Qh5+ Ke6 19. Re1 Qf6 20. Qg4+
Kd6 21. Qb4+ Kc7 22. Na4 Rf8 23. Qb6+ Kc8 24. c3 Bxh2+ 0-1

[Event "12. Abierto Villa de Coria del Rio"]
[Site "Coria del Rio ESP"]
[Date "2006.02.11"]
[Round "4.7"]
[White "Campora, Daniel H"]
[Black "Valencia Gomez, Jairo Fdo"]
[Result "0-1"]
[WhiteElo "2541"]
[BlackElo "2030"]
[PlyCount "58"]
[EventDate "2006.02.08"]
[EventType "swiss"]
[EventRounds "9"]
[EventCountry "ESP"]
[Source "lmi"]
[SourceDate "2006.02.16"]

1. e4 c5 2. Nf3 e6 3. c3 Nc6 4. d4 d5 5. e5 Nge7 6. Bd3 Ng6 7. O-O Be7 8. Be3
Bd7 9. Bxg6 hxg6 10. dxc5 Qc7 11. Bd4 O-O-O 12. Re1 Rh5 13. Nbd2 f6 14. Qe2
fxe5 15. Nxe5 Nxe5 16. Bxe5 Qxc5 17. Nf3 Bf6 18. h3 Rf8 19. Bd4 Qd6 20. Ne5 Be8
21. a4 Rf5 22. b4 Qc7 23. b5 b6 24. Nd3 Bd7 25. g4 Bxd4 26. gxf5 Qg3+ 27. Kf1
Qxh3+ 28. Kg1 Rxf5 29. Qd2 Rh5 0-1

[Event "12. Abierto Villa de Coria del Rio"]
[Site "Coria del Rio ESP"]
[Date "2006.02.11"]
[Round "4.8"]
[White "Romero Romero, Sebastian"]
[Black "Melero Fidalgo, Juan de Dios"]
[Result "1/2-1/2"]
[WhiteElo "2002"]
[BlackElo "2195"]
[PlyCount "83"]
[EventDate "2006.02.08"]
[EventType "swiss"]
[EventRounds "9"]
[EventCountry "ESP"]
[Source "lmi"]
[SourceDate "2006.02.16"]

1. e4 c5 2. Nf3 e6 3. d4 cxd4 4. Nxd4 a6 5. Nc3 b5 6. Bd3 Bb7 7. O-O d6 8. Be3
Nf6 9. a3 Be7 10. f4 Nbd7 11. Nb3 Rc8 12. Qf3 O-O 13. Rad1 Nb6 14. Bc1 Re8 15.
Qe2 Qc7 16. e5 Nfd5 17. Ne4 dxe5 18. fxe5 Qxe5 19. Rxf7 Nc4 20. Rdf1 Nf6 21.
Nxf6+ gxf6 22. Bxc4 Qxe2 23. Bxe2 Kxf7 24. Bh5+ Kg7 25. Bxe8 Rxe8 26. Nd4 Kf7
27. Be3 Be4 28. c3 Rd8 29. Nf3 Ke8 30. Ra1 e5 31. Kf2 Kf7 32. Nd2 Bc6 33. c4 f5
34. g3 Ke6 35. cxb5 Bxb5 36. Rc1 Rd7 37. Nb3 Rd3 38. Nc5+ Bxc5 39. Rxc5 Rb3 40.
Bc1 Rd3 41. Be3 Rb3 42. Bc1 1/2-1/2

[Event "12. Abierto Villa de Coria del Rio"]
[Site "Coria del Rio ESP"]
[Date "2006.02.11"]
[Round "4.9"]
[White "Fernandez Lumbreras, Miguel A"]
[Black "Nieto Gonzalez, Ismael"]
[Result "0-1"]
[WhiteElo "1959"]
[BlackElo "2154"]
[PlyCount "73"]
[EventDate "2006.02.08"]
[EventType "swiss"]
[EventRounds "9"]
[EventCountry "ESP"]
[Source "lmi"]
[SourceDate "2006.02.16"]

1. d4 c5 2. dxc5 Qa5+ 3. Nc3 Qxc5 4. e4 e6 5. Nf3 a6 6. Bf4 d6 7. Qd4 Qxd4 8.
Nxd4 e5 9. Nd5 Kd8 10. Bd2 exd4 11. Ba5+ b6 12. Bxb6+ Kd7 13. Bxd4 Nc6 14. Bc3
Rb8 15. Bc4 Nge7 16. Rd1 Nxd5 17. Bxd5 f6 18. O-O Kc7 19. f4 Be7 20. Rde1 Rf8
21. Rf3 Nb4 22. Bb3 Bd7 23. Kh1 Nc6 24. Rg3 g5 25. fxg5 fxg5 26. Bg7 Rf4 27.
Bh6 Rb5 28. Bd5 Rxb2 29. Bb3 Rxe4 30. Rd1 Bf6 31. Bf8 Nd4 32. Rc3+ Kb6 33. Bxd6
Nxb3 34. Rf3 Rd4 35. Rff1 Rxd1 36. Rxd1 Nc5 37. h3 0-1